00565nam a2200121Ia 4500008004100000100001300041245012000054245003500174260000900209300003000218440004000248650015500288171207s9999 xx 000 0 und d aWu, Feng aGlobal questioners: examining journalists’ aggressiveness at Chinese premiers’ press conferences (1993–2015)  cFeng Wu, Yang Cheng & Duo Chao c2017 apages 357-77, August 2017 aAsian Journa of Communicationv27:4 aGlobal journalism, journalism professionalism, journalists’ aggressiveness, politician–journalist relations, Chinese premiers’ press conferences